Biggest Cities in Australia A-Z - Statistics

General Stats
  • This quiz has been taken 21 times
  • The average score is 15 of 26
Answer Stats
Letter Population City % Correct
A 1,510,450 Adelaide
100%
C 502,190 Canberra
100%
M 5,313,912 Melbourne
100%
X N/A N/A
100%
P 2,340,067 Perth
100%
S 5,561,754 Sydney
100%
B 2,802,595 Brisbane
95%
D 144,500 Darwin
95%
N 990,066 Newcastle-Central Coast
95%
H 264,101 Hobart
86%
W 313,745 Wollongong
86%
T 208,734 Townsville
81%
G 652,088 Gold Coast
71%
L 100,293 Launceston
67%
R 85,016 Rockhampton
48%
I 232,158 Ipswich
33%
O 43,170 Orange
33%
E 22,107 Echuca
19%
Z 752 Zeehan
19%
U 17,809 Ulladulla
14%
Y 23,977 Yeppoon
14%
Q 39,075 Queanbeyan
10%
V 31,287 Victor Harbor
5%
F 21,580 Forster
0%
J 7,646 Jimboomba
0%
K 30,716 Kalgoorlie - Boulder
0%
No matching quizzes found
Score Distribution
Percent of People with Each Score
Percentile by Number Answered
Your Score History
You have not taken this quiz